000 01563nam a22003977a 4500
003 CHAP
005 20220329143923.0
008 270812s2012 mx r 00010 spa d
010 _a103760
011 _a104732
035 _a115422
040 _cCHAP
090 _aTesis
100 1 _aPonce Mota, Tania
_990803
245 1 3 _aProceso de formación del precio paritario de exportación del café orgánico
_h[En línea]
_c/por Tania Ponce Mota
260 _aChapingo, Méx. :
_bEl autor,
_c2012
500 _aPara ver el contenido del material haga clic en la liga
502 _aTesis (Lic. en Comercio Internacional de Productos Agropecuarios) -- UACH. División de Ciencias Económico Administrativas
590 _aALEPH
_b10
_c20130110
_lUCH01
_h1546
590 _aBATCH-UPD
_b10
_c20130110
_lUCH01
_h1334
590 _aBATCH-UPD
_b10
_c20130410
_lUCH01
_h0838
590 _aBATCH-UPD
_b10
_c20130914
_lUCH01
_h0808
590 _aBATCH-UPD
_b10
_c20140324
_lUCH01
_h1532
590 _aBATCH-UPD
_b10
_c20141002
_lUCH01
_h0854
590 _aCONVERSION
_b10
_c20130109
_lUCH01
_h1357
650 0 4 _aCafé orgánico.
_917217
650 0 4 _aCafé
_xAspectos económicos.
_917090
650 0 4 _aCafé
_xCostos de producción.
_917120
650 0 4 _aCafé
_xPrecios.
_917187
650 0 4 _aComercio internacional.
_925641
856 _3Finding aid
_uhttp://10.13.5.2/tesis/115422.pdf
_zTeclea aqui
901 _aBK
942 _cFOLL
949 _aTesis
_bBC
_cTES
_d33724002341660
_eTS1
_h53834
_i115422
_st
949 _aTesis
_bBC
_cTES
_d33724002341702
_eTS2
_fc.2
_h53835
_i115422
_st
999 _c103760
_d103760